Statistics for Six Feet Under Main Characters

Click here to take the quiz!

General Stats

  • This quiz has been taken 170 times
  • The average score is 5 of 7

Answer Stats

Born - DiedCharacter% Correct
1965 – 2005Nate Fisher
91%
1969 – 2044David Fisher
85%
1983 – 2085Claire Fisher
78%
1969 – 2051Brenda Chenowith
64%
1946 – 2025Ruth Fisher
64%
1968 – 2029Keith Charles
46%
1974 – 2049Federico Diaz
39%

Score Distribution

Percentile by Number Answered

Percent of People with Each Score

Your Score History

You have not taken this quiz